Álvaro Delgado (Record no. 16990)

MARC details
000 -LEADER
campo de control de longitud fija 01381nam a2200325 i 4500
001 - NÚMERO DE CONTROL
campo de control 16990
003 - IDENTIFICADOR DE NÚMERO DE CONTROL
campo de control ES-MaACL
005 - FECHA Y HORA DE LA ÚLTIMA TRANSACCIÓN
campo de control 20251123063259.0
007 - CAMPO FIJO DE DESCRIPCIÓN FÍSICA--INFORMACIÓN GENERAL
campo de control de longitud fija t|
008 - DATOS DE LONGITUD FIJA--INFORMACIÓN GENERAL
campo de control de longitud fija 001127s1959 sp ||||1| spa d
080 ## - NÚMERO DE LA CLASIFICACIÓN DECIMAL UNIVERSAL
Número de la Clasificación Decimal Universal 75 Delgado, Alvaro (064.3)
100 1# - ENTRADA PRINCIPAL--NOMBRE DE PERSONA
Nombre de persona Delgado, Álvaro,
Fechas asociadas al nombre 1922-
9 (RLIN) 43394
245 10 - MENCIÓN DEL TÍTULO
Título Álvaro Delgado
Resto del título : [exposición, Club La Rábida de Sevilla, 18-31 de mayo de 1959] /
Mención de responsabilidad, etc. [texto de] L. Figuerola-Ferretti.
260 ## - PUBLICACIÓN, DISTRIBUCIÓN, ETC.
Lugar de publicación, distribución, etc. Madrid :
Nombre del editor, distribuidor, etc. Ateneo,
Fecha de publicación, distribución, etc. 1959.
300 ## - DESCRIPCIÓN FÍSICA
Extensión [32] p. :
Otras características físicas principalmente il. n. ;
Dimensiones 22 cm.
490 1# - MENCIÓN DE SERIE
Mención de serie Cuadernos de arte. Colección ordinaria ;
Designación de volumen o secuencia 49
600 14 - PUNTO DE ACCESO ADICIONAL DE MATERIA--NOMBRE DE PERSONA
Nombre de persona Delgado, Álvaro,
Fechas asociadas al nombre 1922-
9 (RLIN) 43394
610 2# - PUNTO DE ACCESO ADICIONAL DE MATERIA--NOMBRE DE ENTIDAD CORPORATIVA
Nombre de entidad corporativa o nombre de jurisdicción como elemento de entrada Ateneo de Madrid-
Subdivisión de forma Obras digitalizadas.
9 (RLIN) 1930
655 #7 - TERMINO DE INDIZACIÓN--GENERO/FORMA
Fuente del término tgfbne
9 (RLIN) 193628
Datos o término principal de género/forma Catálogos de exposiciones
700 1# - ENTRADA AGREGADA--NOMBRE PERSONAL
Nombre de persona Figuerola-Ferretti, L.,
Fechas asociadas al nombre 1907-1986
9 (RLIN) 50810
710 2# - ENTRADA AGREGADA--NOMBRE DE ENTIDAD CORPORATIVA
Nombre de entidad corporativa o nombre de jurisdicción como elemento de entrada Club La Rábida (Sevilla)
9 (RLIN) 2864
710 2# - ENTRADA AGREGADA--NOMBRE DE ENTIDAD CORPORATIVA
Nombre de entidad corporativa o nombre de jurisdicción como elemento de entrada Ateneo de Madrid.
9 (RLIN) 1875
830 0# - PUNTO DE ACCESO ADICIONAL DE SERIE-TÍTULO UNIFORME
Título uniforme Cuadernos de arte. Colección ordinaria
Designación de volumen o secuencia 49
9 (RLIN) 180064
852 ## - LOCALIZACIÓN
Ubicación ES-MaACL
Número de control de estantería 2160-F-22
Sublocalización o colección R.129360
itemnumber 17473
Ubicación en estantería Depósito folletos
Nota libre Revisado enlace: 22 de Abril de 2025
852 ## - LOCALIZACIÓN
Ubicación ES-MaACL
Número de control de estantería 2190-F-10
Sublocalización o colección R.136035
itemnumber 17474
Ubicación en estantería Depósito folletos
Nota libre Revisado enlace: 22 de Abril de 2025
852 ## - LOCALIZACIÓN
Ubicación ES-MaACL
Número de control de estantería G-13294(9)
itemnumber 17472
Ubicación en estantería Sala Pecera Planta 3
856 4# - LOCALIZACIÓN Y ACCESO ELECTRÓNICOS
Identificador Uniforme de Recursos <a href="http://www.ateneodemadrid.com/biblioteca_digital/folletos/CACo-049.pdf">http://www.ateneodemadrid.com/biblioteca_digital/folletos/CACo-049.pdf</a>
Texto de enlace Ver documento
942 ## - ELEMENTOS DE ENTRADA SECUNDARIOS (KOHA)
Fuente del sistema de clasificación o colocación Clasificación decimal universal
Holdings
Estatus retirado Estado de pérdida Fuente del sistema de clasificación o colocación Estado de daño No para préstamo Colección Biblioteca de origen Biblioteca actual Ubicación en estantería Fecha de adquisición Total de préstamos Signatura topográfica completa Código de barras Visto por última vez Precio de reemplazo Tipo de ítem Koha
    Clasificación decimal universal     Colección digital Biblioteca del Ateneo de Madrid Biblioteca del Ateneo de Madrid Sala Pecera Planta 3 17/01/2008   G-13294(9) 1017333 23/02/2023 23/02/2023 Folleto
    Clasificación decimal universal     Biblioteca Digital del Ateneo de Madrid Biblioteca del Ateneo de Madrid Biblioteca del Ateneo de Madrid Depósito folletos 17/01/2008   2160-F-22 1017331 23/02/2023 23/02/2023 Folleto
    Clasificación decimal universal     Biblioteca Digital del Ateneo de Madrid Biblioteca del Ateneo de Madrid Biblioteca del Ateneo de Madrid Depósito folletos 17/01/2008   2190-F-10 1017332 23/02/2023 23/02/2023 Folleto